000 00900nam a2200265Ia 4500
003 OSt
005 20220923210933.0
006 a|||||r|||| 00| 0
007 ta
008 220922b |||||||| |||| 00| 0 hin d
020 _a8121402107 (hbk)
_c125
024 _a289,592
037 _b383, 12/03/2016, Eastern Book Linkers
_cTextual
040 _aARTS
_cARTS
_bhin
041 _2hin
_ahin
082 _aO152,6N15w,1, M8
100 _aनगेन्द्र
_9156277
245 0 _aअर्धकथा
246 _aArdhakathā
260 _aनयी दिल्ली
_b नेश्नल पब्लिशिंग हाउस
_c1988
300 _a170पृ.
_ccm.
650 _aहिन्दी साहित्य
_9156264
942 _hO152,6N15w,1, M8
_cTEXL
_2CC
999 _c293050
_d293050